000 005660000a22001930004500
020 _a0-88177-009-4
041 0 _aENG
082 0 4 _aG 268.876 W3371a
100 1 _aWatson, David Lowes
245 1 0 _aAccountable discipleship : Handbook for covenant discipleship groups in the congregation / David Lowes Watson
250 _aRevised edition
260 _aNashville, TN., USA : Discipleship
300 _a118 Pag
001 8091
942 _cBK
999 _c38288
_d38288
336 _atexto
_btxt
_2rdacontent
337 _2rdamedia
_asin mediación
_bn
338 _2rdacarrier
_avolumen
_bnc